000 00295nam a2200121 a 4500
008 100917s1989|||| d
100 1 _aDilov, Ľuben
245 1 0 _aNedokončený román jednej študentky
260 _bSmena
_aBratislava
_c1989
020 _c21
044 _axo
_cSK
041 _aslo
999 _c10450
_d10450